Topografía (Registro nro. 3238)
[ vista simple ]
| 000 -LEADER | |
|---|---|
| fixed length control field | 00672nam a2200181Ia 4500 |
| 005 - DATE AND TIME OF LATEST TRANSACTION | |
| control field | 20251020182607.0 |
| 008 - FIXED-LENGTH DATA ELEMENTS--GENERAL INFORMATION | |
| fixed length control field | 200515s9999 xx 000 0 und d |
| 082 ## - DEWEY DECIMAL CLASSIFICATION NUMBER | |
| Classification number | SC/528.41/Q6 |
| 100 ## - MAIN ENTRY--PERSONAL NAME | |
| Personal name | QUICAÑO SALVATIERRA, Víctor LAZO BARRENECHEA, Rolando |
| 245 #0 - TITLE STATEMENT | |
| Title | Topografía |
| 260 ## - PUBLICATION, DISTRIBUTION, ETC. | |
| Place of publication, distribution, etc. | Lima |
| 260 ## - PUBLICATION, DISTRIBUTION, ETC. | |
| Date of publication, distribution, etc. | 1995 |
| 520 ## - SUMMARY, ETC. | |
| Summary, etc. | Levantamiento topográfico que tiene como objetivo, proporcionar datos precisos suficientes, para ser empleados por Infes, en el proyecto de remodelación del Centro Educativo Luis Enrique XVII, ubicado en el Jr. Húsares de Junín s/n., en la Urb. Chacra Cer |
| 650 ## - SUBJECT ADDED ENTRY--TOPICAL TERM | |
| Topical term or geographic name entry element | LIB |
| 650 ## - SUBJECT ADDED ENTRY--TOPICAL TERM | |
| Topical term or geographic name entry element | M-SENC |
| 650 ## - SUBJECT ADDED ENTRY--TOPICAL TERM | |
| Topical term or geographic name entry element | TOPOGRAFIA |
| 942 ## - ADDED ENTRY ELEMENTS (KOHA) | |
| Koha item type | Libros |
| Fecha de la última vez que lo usaron | Pago total | Signatura topográfica completa | Código de barras | Precio efectivo desde | Tipo de documento | Estado perdido | Estado dañado | No es para préstamo | Retirado | Ubicación permanente | Ubicación actual | Fecha de adquisición |
|---|---|---|---|---|---|---|---|---|---|---|---|---|
| 15/05/2020 | SC/528.41/Q6 | Bib-Lima15053238 | 15/05/2020 | Libros | Biblioteca Central Lima | Biblioteca Central Lima | 15/05/2020 |